000 00443nam a22001697a 4500
003 IT-RoPau
005 20220918181102.0
008 130326b xxu||||| |||| 00| 0 eng d
040 _cIT-RoPau
100 _aFamiglia Paolina
_998
245 _aComunità proposte Maggio 1979
_bSan Paolo studi/ricerche
250 _a1° ed.
260 _aRoma
_bCasa Generalizia SSP
_c1979
300 _c21,5 cm
500 _aMaggio 1979.
942 _2ddc
_cBK
999 _c98294
_d98294